| 000 | 00885nam a2200253Ia 4500 | ||
|---|---|---|---|
| 999 |
_c4845 _d4845 |
||
| 003 | OSt | ||
| 005 | 20200607153430.0 | ||
| 008 | 191128s2014 en ad fr 000 0 spa d | ||
| 020 | _a9786124119507 | ||
| 040 |
_aCO-JMCR _cCO-JMCR |
||
| 041 | 0 | _aspa | |
| 082 | 0 | 4 |
_a330.015 / _bL173a _223 |
| 100 | 1 |
_aLarios, J. Fernando, _dautor _95176 |
|
| 245 | 1 | 0 |
_aAnálisis econométrico de series de tiempo : _bteoría y problemas / _cJ. Fernando Larios y Josué Álvarez V. |
| 250 | _aPrimera edición | ||
| 260 |
_aPerú : _bUniversidad San Ignacio de Loyola, _c2014 |
||
| 300 |
_a409 páginas : _bgráficos a blanco y negro ; _c31 cm. |
||
| 500 | _aBibliografía: página 409 | ||
| 650 | 1 | 4 |
_aSeries de tiempo _95177 |
| 650 | 1 | 4 |
_aModelos econométricos _95178 |
| 650 | 1 | 4 |
_aEconometría _xmodelos matemáticos _95179 |
| 700 | 1 |
_aÁlvarez, V. Josué, _eautor _95180 |
|
| 942 |
_2ddc _cBK |
||